[Event "PokalMM"]
[Site "Baden"]
[Date "1996.??.??"]
[Round "?.2"]
[White "Kiefer, Gerhard"]
[Black "Kekelidze, Mikheil"]
[Result "0-1"]
[WhiteElo "2255"]
[BlackElo "2325"]
[Annotator "Herbrechtsmeier"]
[PlyCount "42"]
[SourceDate "2003.06.17"]
[WhiteTeam "Müllheim"]
[BlackTeam "Karlsruhe"]

1. e4 c5 2. Nf3 e6 3. d4 cxd4 4. Nxd4 Nf6 5. Nc3 Qb6 $6 6. Nb3 (6. e5 $5 Bc5 7.
Be3 {wurde schon gespielt, noch besser ist aber} (7. Ndb5 $1 Bxf2+ (7... Nd5 8.
Ne4) (7... a6 8. Qf3) 8. Ke2 Ng4 9. h3 Nxe5 10. Qd6 $1)) 6... Bb4 7. Bd3 d5 8.
Bd2 (8. exd5 Nxd5 9. O-O Nxc3 10. bxc3 Bxc3 11. Rb1 Nc6 12. Ba3 Bb4 13. Nd2 {
1-0 Fogarasi,T-Varga,Z/Budapest 1995/EXT 98 (35)}) (8. e5 Nfd7 9. Be3 Qc6 10.
f4 Bxc3+ 11. bxc3 Qxc3+ 12. Bd2 Qc7 13. Qg4 O-O 14. Bb4 f5 {
0-1 Comas Fabrego,L-Speelman,J/Mondariz 2000/CBM 79 (31)}) 8... Bxc3 $2 (8...
O-O 9. e5 Nfd7 10. a3 Bxc3 11. Bxc3 Nc6 12. O-O Ndxe5 13. Bxe5 Nxe5 14. Bxh7+
Kxh7 15. Qh5+ Kg8 16. Qxe5 Bd7) 9. Bxc3 dxe4 10. Ba5 $1 Qd6 11. Bb5+ Ke7 12.
Qxd6+ $1 (12. Qe2 Bd7 13. Rd1 Qe5 14. Bb4+ Ke8 {
1/2-1/2 Olaffson, David-Karason, Askell O/Ch Iceland team 1994 (39)} 15. Nd4 $1
) 12... Kxd6 13. O-O-O+ {#} 13... Ke5 (13... Nd5 14. c4 a6 15. Ba4 b5 16. cxd5
{mit Angriff:} 16... exd5 (16... bxa4 17. dxe6+ Kxe6 18. Nc5+) 17. Bb4+ Kc7 (
17... Ke5 18. Bc3+ Kd6 19. Nd2) 18. Rxd5 Nc6 (18... bxa4 19. Ba5+) 19. Bd6+ Kb6
20. Nc5 bxa4 21. Nxa4+) 14. Rhe1 {mit guter Kompensation (Lauferpaar!)} 14...
b6 (14... a6 15. Bd3) 15. Bc3+ Kf5 (15... Kf4 16. f3 $1) 16. Re3 (16. Nd4+ Kg5
17. Nc6 {ist auch recht kraftig}) 16... Nd5 {Was sonst?} 17. Rxd5+ $1 ({Nach} 
17. Nd4+ Kg6 18. Rg3+ Kf6 {lebt Schwarz noch}) 17... exd5 18. Bxg7 Rg8 (18...
Rd8 {verliert auch:} 19. Nd4+ Kf4 $8 20. Rg3 Rd6 $8 21. h4 $1 $18 h6 (21... f6
22. Kd2) (21... Bg4 22. Rxg4+ Kxg4 23. Be2+ Kxh4 24. Nf5+) 22. Be2 {
mit der Drohung Tg4+} 22... f6 23. Bf8 $1) 19. Nd4+ Kf4 (19... Kg5 20. Rg3+ Bg4
21. Be5 {gewinnt Material zuruck}) 20. Rg3 Bg4 (20... Rxg7 {ist Verzweiflung})
21. Bh6+ $2 {Schade!} (21. Bf6 $1 {ist naturlich richtig:} 21... Rg6 22. Rxg4+
Rxg4 (22... Kxg4 23. Be2+ Kf4 24. g3+ Rxg3 25. hxg3#) 23. g3+ Rxg3 24. hxg3+
Kg4 25. Be8 Na6 26. Bd7+ Kh5 27. Bf5 {Der Konig sitzt im Kafig} 27... Nc7 (
27... Rg8 28. Nc6) 28. g4+ Kh6 29. g5+ Kh5 30. Ne2 Ne6 31. Ng3+ Kh4 32. g6+ Ng5
33. gxh7) 21... Ke5 {
Jetzt hat Schwarz wieder Fluchtfelder (und gewann schlieslich)} 0-1

[Event "Landesliga"]
[Site "Breisgau/Hochrhein"]
[Date "1997.??.??"]
[Round "?"]
[White "Fink, Markus"]
[Black "Deutschmann, Matthias"]
[Result "0-1"]
[WhiteElo "1840"]
[BlackElo "2118"]
[Annotator "Herbrechtsmeier"]
[PlyCount "32"]
[SourceDate "2003.06.17"]
[WhiteTeam "Münstertal"]
[BlackTeam "Müllheim"]

1. e4 e5 2. Nf3 Nc6 3. Bb5 a6 4. Ba4 f5 5. Nc3 (5. d4 $1 exd4 6. e5) 5... b5 6.
Bb3 b4 7. Nd5 fxe4 8. Nh4 $2 (8. d4 exf3 9. Qxf3 Be7 10. Nxc7+ Qxc7 11. Qf7+
Kd8 12. Qxg7 d5 13. Qxh8 Be6) 8... Qxh4 9. Nxc7+ Kd8 10. Nxa8 Bc5 11. O-O (11.
g3 Qh3) 11... Nf6 {Schwarz hat unwiderstehlichen Angriff} 12. Qe2 $2 {
Eine Einladung...} (12. h3 d5 13. d3 Bxh3 14. Be3 Bxe3 15. fxe3 Qg3) (12. d4
Nxd4 13. c3 bxc3 14. bxc3 Nxb3 15. Qxb3 Ng4 16. h3 Nxf2 17. Kh2 d6 18. Qb8 Ke7
19. Qc7+ Kf6) 12... Nd4 13. Qc4 Ng4 14. h3 Nf3+ (14... Qg3 15. fxg3 Ne2+ 16.
Kh1 Nxg3# {geht schneller, aber}) 15. Kh1 Qxf2 16. d4 Qg1+ (16... Qg1+ 17. Rxg1
Nf2# {fuhrt zu einem seltenen Matt!}) 0-1

[Event "Landesliga"]
[Site "Breisgau/Hochrhein"]
[Date "1998.??.??"]
[Round "7.2"]
[White "Perez, Jose"]
[Black "Schaub, Rainer"]
[Result "0-1"]
[WhiteElo "2016"]
[BlackElo "2195"]
[Annotator "Herbrechtsmeier"]
[PlyCount "53"]
[SourceDate "2003.06.17"]
[WhiteTeam "Horben"]
[BlackTeam "Müllheim"]

1. d4 Nf6 2. c4 c5 3. d5 e6 4. Nc3 exd5 5. cxd5 d6 6. e4 g6 7. f4 Bg7 8. Nf3 (
8. Bb5+ Nfd7 9. a4 (9. Bd3 $5)) (8. e5 $5) 8... O-O 9. Be2 Bg4 {
Rainer Schaub ist einer der ganz grosen Benoni-Spezialisten} (9... Re8 10. e5
$1) 10. Nd2 $2 (10. O-O Nbd7 11. h3 (11. Re1 $5)) 10... Bxe2 11. Qxe2 (11. Nxe2
Re8 12. Nc3 Nxe4) 11... Re8 12. O-O Nbd7 {Mit Zugumstellung ist jetzt eine
bekannte (fur Schwarz gunstige) Stellung erreicht} (12... Na6 $5 13. Qf3 (13.
Re1 Nb4 14. Qd1 Nd3 15. Rf1 Qd7 {
0-1 Dive,R-Valiente R,C/Thessaloniki olm 1988/TD 88\06 (31)}) 13... Nb4 14. Qd1
Rc8 15. h3 c4 {0-1 Zapletal,J-Asanov,B/Karvina 1992/EXT 97 (24)}) 13. Qd3 $2 (
13. Qf3 c4 (13... Rc8 14. Nc4 (14. Kh1 c4 15. g4 Nc5 16. e5 {
1-0 Nogueiras,J-Cvitan,O/Novi Sad olm 1990/TD 90\06 (28)}) 14... Nb6 15. Nxb6
Qxb6 16. Kh1 Qb4 17. e5 dxe5 18. fxe5 Rxe5 19. Bf4 Rf5 20. g4 {
1/2-1/2 Michaelsen,N-Maus,S/Hamburg HSV 1987/TD 87\04 (28)}) (13... Qb6 14. Nc4
Qa6 15. Nxd6 Qxd6 16. e5 Nxe5 17. fxe5 Qxe5 18. Bf4 Qf5 {
0-1 Bornemann,M-Krasenkow,M/Wichern op 1993/EXT 93op (26)}) (13... Qe7 14. a4
c4 15. Kh1 Nc5 16. e5 dxe5 17. fxe5 Qxe5 18. Nxc4 Qh5 19. Bf4 {
Codirlasu,C-Stoica,G/ROM-chT 1994/EXT 94ch/1-0 (62)}) (13... a6 14. a4 Rc8 15.
a5 c4 16. Ra4 b5 17. axb6 Qxb6+ 18. Kh1 Qd4 19. Rd1 Nc5 20. Nxc4 Qxd1+ 21. Qxd1
Nxa4 22. Nxd6 (22. Qxa4 Nxe4 23. g3 Nxc3 24. bxc3 Re4) 22... Nxc3 23. bxc3 Nxe4
{0-1 Serdt,S-Groszpeter,A/Leiner 1996/EXT 98 (47)}) 14. Nxc4 Rc8 15. Nxd6 Qb6+
16. Kh1 Qxd6 17. e5 Qb4 {
Borbjerggaard,L-Markowski,T/MK Cafe op 1997/EXP 59/0-1 (55)}) (13. f5 $5 {
offnet die f-Linie, ein beachtenswerter Versuch}) 13... c4 $1 14. Qxc4 (14.
Nxc4 Nc5) 14... Qb6+ 15. Kh1 Ng4 {Droht Gewinn der Qualitat} 16. Nd1 (16. Qe2
f5) 16... Rac8 17. Qb3 Qd4 18. Qf3 Rxc1 $1 {
Der Auftakt zu einem spektakularen Damenopfer} 19. Nb3 (19. Qxg4 $2 f5) (19.
Rxc1 Qxd2 20. Rc7 Ndf6 21. h3 Nh6) 19... Rxa1 20. Nxd4 Bxd4 21. Qxg4 {
Weis hat sich nur scheinbar befreit, Rainer hat weit gerechnet...} 21... Nf6
22. Qh4 (22. Qe2 Nxe4 23. Qd3 Rxd1 $1 24. Qxd1 Nf2+ 25. Rxf2 Bxf2) 22... Nxe4
23. g3 (23. f5 Rxd1 24. Rxd1 Nf2+ 25. Kg1 Nxd1+ 26. Qxd4 Re1#) 23... Nd2 24. f5
Nxf1 25. fxg6 hxg6 26. Qxd4 Ne3 27. Qxa7 0-1

[Event "Landesliga"]
[Site "Breisgau/Hochrhein"]
[Date "1998.03.22"]
[Round "8.2"]
[White "Sokolov, Andrei"]
[Black "Scherer, Max"]
[Result "1-0"]
[WhiteElo "2580"]
[BlackElo "2295"]
[Annotator "Herbrechtsmeier"]
[PlyCount "111"]
[SourceDate "2003.06.17"]
[WhiteTeam "Müllheim"]
[BlackTeam "Dreisamtal"]

1. e4 e6 2. d4 b6 3. Be3 Bb7 4. f3 Nf6 ({
Im selben Jahr spielte Zinin gegen Sokolov} 4... f5 $6 {und remisierte nach} 5.
Nd2 c5 6. dxc5 Bxc5 7. Bxc5 bxc5 8. e5 Nh6 {
- Besser war 5.exf5! gefolgt von Ld3}) (4... c5 5. c3 {
s. Herbrechtsmeier-Schell, 2003}) 5. Nh3 $5 {Ublich ist 5.Ld3 oder 5.c4} 5...
c5 6. c3 Be7 (6... cxd4 7. cxd4 Bb4+ 8. Nc3 O-O 9. Bd3 Ba6 10. Bxa6 Nxa6 11.
Qa4 Bxc3+ 12. bxc3 Nc7 13. O-O {
1-0 Caneiro Couto,J-Lorenzo Martinez,M/Ferrol 2002/CBM 89 ext (45)}) (6... d6
7. Be2 Be7 8. O-O O-O 9. Nf2 Nc6 10. Nd2 d5 11. e5 Nd7 12. f4 f5 13. exf6 Bxf6
14. Nf3 {1-0 Flores,D-Rodriguez,A/Buenos Aires 2000/CBM 79 (75)}) 7. Nf2 (7.
Bd3 d5 (7... Nc6 8. a3 Qc7 9. O-O d5 10. e5 Nd7 11. f4 g6 12. b4 c4 13. Bc2
O-O-O 14. a4 Rdf8 15. Na3 {1-0 Maciejewski,A-Latas,B/Warsaw 1988/EXT 97 (69)})
8. e5 Nfd7 9. O-O cxd4 10. cxd4 Ba6 11. Bxa6 Nxa6 12. f4 {
1-0 Maciejewski,A-Kruszynski,W/Lodz 1980/MCL (23)}) 7... d6 8. Be2 Nbd7 9. O-O
Qc7 10. a4 a6 11. Nd2 h6 (11... O-O {mit Ausgleich}) 12. Bd3 g5 $6 13. b4 Nh5
14. bxc5 bxc5 (14... dxc5 15. e5 Nf4 16. Nde4 c4) 15. Re1 e5 16. Rb1 Nf4 17.
Bf1 Rd8 18. Qb3 Bc8 19. Nc4 Bf6 (19... h5 20. dxe5 dxe5 21. Red1 {
mit Vorteil fur Weis - der Angriff von Schwarz kommt nicht voran}) 20. Ng4 Bg7
21. dxe5 dxe5 22. Red1 O-O 23. Bf2 h5 24. Nge3 Nf6 25. Qb6 Rxd1 26. Rxd1 Qxb6
27. Nxb6 Bb7 28. Nf5 {
Schwarz ist positionell uberspielt, und damit ist die Partie entschieden} 28...
Ne6 29. Bc4 Rb8 30. Bxe6 fxe6 31. Nxg7 Bxe4 32. Bxc5 Bc2 33. Rd2 Bb3 34. Rb2
Bd5 35. c4 Kxg7 36. cxd5 exd5 37. Bd6 Re8 38. Re2 Re6 39. Bc5 Kg6 40. a5 Rc6
41. Be7 d4 42. Bxf6 Rc1+ 43. Kf2 Kxf6 44. Nd7+ Ke6 45. Nxe5 Kd5 46. f4 gxf4 47.
Nd3 Ra1 48. Nxf4+ Kc4 49. Re5 h4 50. Kf3 Rf1+ 51. Kg4 d3 52. Re4+ Kb5 53. Nxd3
Kxa5 54. Kxh4 Rd1 55. Nc5 Kb5 56. Nxa6 1-0

[Event "Landesliga"]
[Site "Breisgau/Hochrhein"]
[Date "2001.11.11"]
[Round "3.2"]
[White "Popovic, Dan Arwed"]
[Black "Zirlewagen, Hartmut"]
[Result "1/2-1/2"]
[WhiteElo "2001"]
[BlackElo "2014"]
[Annotator "Herbrechtsmeier"]
[PlyCount "94"]
[SourceDate "2003.06.17"]
[WhiteTeam "Münstertal"]
[BlackTeam "Müllheim"]

1. e4 e6 2. d4 d5 3. Nc3 Bb4 4. Bd2 dxe4 5. Qg4 Nf6 (5... Qxd4 6. O-O-O h5 7.
Qe2 Bd7 8. Nxe4 (8. f3 Nc6 {Hausner-Uhlmann, Halle 1989, i32/389}) 8... Bxd2+
9. Rxd2 Qa4 10. a3 Na6 {Uhlmann} 11. Nf3 O-O-O $6 12. Qe3 Nb8 $2 13. Nc5 Qg4
14. Ne5 Qf5 15. Qb3 {Kiefer-Reefschlager 1-0, BL 1986}) 6. Qxg7 Rg8 7. Qh6 Rg6
(7... Qxd4 8. O-O-O Bf8 (8... Rg6) 9. Qh4 Rg4 10. Qh3 Qxf2 11. Be2 $1 Rg6 (
11... Rh4 12. Qxh4 Qxh4 13. g3 Qh6) 12. g4 Qc5 13. Be3 Qe5 (13... Qa5 14. g5 $1
Rxg5 15. Qh4 $1) 14. g5 Rxg5 15. Bd4 $1 Qf4+ 16. Kb1 Nd5 17. Rf1 Nxc3+ 18. Bxc3
Qd6 19. Rxf7 $1 Kxf7 20. Qxh7+ Ke8 21. Nh3 Rf5 22. Bh5+ Kd8 23. Rd1 {
und W sollte gewinnen (Dank des Freibauern)}) (7... Bxc3 $5 $146 8. bxc3 Nbd7
9. h3 b6 10. c4 Bb7 11. Qe3 h5 12. Ne2 Qe7 {
1/2-1/2 Herbrechtsmeier,C-Uhlmann,W/ Baden-Baden (op) 1993 (59)}) 8. Qe3 $5 (8.
Qh4 Qxd4 9. O-O-O Rg4 10. Qh6) 8... Nc6 9. Bb5 (9. Nge2 e5 $1) 9... Bd7 (9...
Bxc3 10. Bxc6+ (10. Qxc3 Qd5) 10... bxc6 11. Qxc3 Nd5 12. Qxc6+ Bd7 13. Qc5 {
1/2-1/2 Gil,A-Remmler,V/Regensburg 1998/EXT 2000 (41)}) 10. Nge2 (10. O-O-O Ng4
11. Qe1 Bxc3 12. bxc3 Qe7 {
0-1 Gelfenboim,J-Kindermann,S/Deizisau Neckar-Open  sp 00/5 2000 (17)}) 10...
a6 11. Ba4 {Zeitverbrauch von W bisher: 85 Minuten!} 11... Na5 12. Bxd7+ Qxd7
13. Nf4 Nc4 $1 {Nach 42minutigem Uberlegen.} 14. Qe2 Qxd4 {
Ein chancenreiches Qualitatsopfer.} 15. Nxg6 (15. O-O-O Nd5) 15... hxg6 16.
O-O-O Nxb2 $1 17. Kxb2 Nd5 18. Qe1 $8 Ba3+ (18... Ba5 19. Kc1 {nebst Sb1}) (
18... O-O-O $1 {W kann sich nicht ruhren. S droht ...Td6 nebst ...Tb6} 19. Kb3
$5 {Fritz} 19... c5 $1 20. Nxd5 c4+ {Matt in 8}) 19. Ka1 Bb4 20. Rb1 Bxc3+ 21.
Bxc3 Nxc3 22. Rb3 Nb5+ 23. c3 Qd3 24. Qe3 O-O-O 25. Re1 f5 26. a4 Qxe3 $2 (
26... Qc2 $1 {in Verbindung mit ...Td1 gewinnt}) 27. Rxe3 Rd1+ 28. Rb1 Rxb1+ (
28... f4 $5) 29. Kxb1 Na3+ 30. Kc1 Nc4 31. Rg3 Ne5 32. Kd2 Kd7 {
Ein interessantes Endspiel ist entstanden.} 33. f4 exf3 34. gxf3 f4 35. Rh3 b5
36. axb5 axb5 37. Ke2 c5 $6 ({Besser} 37... Nf7 {mit der Idee Ke7, Kf6}) 38.
Rh7+ (38. Rh4 $5 g5 39. Rh7+ Kd6 40. Rg7 {Um den h-Bauern in Szene zu setzen}
40... b4 41. cxb4 cxb4 42. Rxg5 b3 43. h4 {Spannend!} 43... Kd5 $1 44. h5 Kd4
45. h6 b2 46. Rg1 Kc3 47. h7 Nf7 48. Rh1 e5 (48... Kc2 49. h8=Q Nxh8 50. Rxh8
b1=Q 51. Rc8+ $11) 49. Rd1 Nh8 50. Rh1 (50. Rd3+) 50... Kc2 51. Rh6 b1=Q 52.
Rc6+ Kb2 53. Rb6+ Kc1 54. Rxb1+ Kxb1 55. Kd3 $11) 38... Kc6 39. Re7 (39. Rh4)
39... Kd5 $11 40. Re8 b4 41. cxb4 cxb4 42. Rf8 Kc4 43. Rxf4+ Kc3 44. Re4 Nc6
45. Re3+ Kc2 {Nun ist Zugwiederholung fur beide Seiten erzwungen!} 46. Re4 Kc3
47. Re3+ Kc2 {Eine spannende Partie!} 1/2-1/2

[Event "Landesliga"]
[Site "Breisgau/Hochrhein"]
[Date "2001.11.11"]
[Round "3.6"]
[White "Paul, Carmen"]
[Black "Meyer, Henri Michel"]
[Result "1/2-1/2"]
[WhiteElo "1922"]
[BlackElo "1958"]
[Annotator "Herbrechtsmeier"]
[PlyCount "83"]
[SourceDate "2003.06.17"]
[WhiteTeam "Münstertal"]
[BlackTeam "Müllheim"]

1. b3 e5 2. Bb2 d6 ({In der letzten Runde der - fur sie vom Ergebnis +1 her
sehr erfolgreichen - Deutschen Frauenmeisterschaft 2001 muste sich Carmen mit
einer altbekannten, aber verbluffenden Entgegnung auseinandersetzen:} 2... Nc6
3. e3 Nf6 4. Bb5 Bd6 $5 {Suhle-Anderssen/Breslau/1859 - siehe hierzu auch den
sehr instruktiven Beitrag von Jeroen Bosch in NIC Magazine 2001/5} 5. Ne2 Qe7
$5 $146 6. Ng3 g6 7. Nc3 a6 8. Be2 Ba3 9. Bxa3 Qxa3 10. Bf3 Qe7 11. Bxc6 $2
dxc6 12. e4 Be6 13. Qe2 O-O-O 14. O-O-O Rd4 {
1/2-1/2 Paul,C-Liebs,H/Krefeld 2001 (56)}) 3. c4 Nc6 4. Nc3 (4. g3 Nf6 5. Bg2
Be7 6. Nf3 O-O 7. d4 {1-0 Larsen,B-Caro,A/Lugano 1968/MCD (53)}) 4... Nf6 (4...
g6 {sieht man haufiger}) 5. g3 (5. e3 Be7 6. Nf3 e4 7. Ng5 Bf5 8. Qb1 O-O 9. f3
{1-0 Fuller,M-Baker,C/London 1978/MCD (35)}) 5... Be7 (5... d5 6. cxd5 Nxd5 7.
Bg2 Be6 8. Nf3 Be7 9. O-O Nxc3 10. Bxc3 {
1-0 Chandler,M-Suetin,A/Hastings 1991/ (109)}) 6. Bg2 O-O 7. e4 $6 {
Schafft eine dauerhafte Schwache auf d4} 7... Nd4 8. Nge2 Bg4 9. h3 Bxe2 (9...
Bf3 10. Kf1 {ist ok fur W} (10. O-O $2 Nxe4)) 10. Nxe2 c5 11. O-O h6 12. Nc3 a6
13. Nd5 Nxd5 14. Bxd4 Nc7 15. Be3 Bf6 ({Besser} 15... Bg5 16. f4 exf4 17. gxf4
Bf6) 16. d3 g5 $2 17. Bf3 (17. Qh5 Bg7 18. Bf3 Ne8) 17... Kg7 18. Qd2 Rh8 19.
Bh5 Qe7 20. Rab1 Ne6 21. b4 (21. f4 gxf4 22. gxf4 exf4 23. Bxf4 Rh7 {nebst Kh8}
) 21... Rac8 22. Rb2 Rc7 23. Rfb1 Rb8 24. a4 cxb4 25. Bb6 Rd7 26. Rxb4 Qe8 27.
Be3 Nc5 28. Bg4 Rc7 29. a5 Bd8 30. h4 f6 31. hxg5 hxg5 $6 32. Kg2 Kf8 33. Rh1
Rg7 34. Rbb1 {Beide Spieler befanden sich hier in leichter Zeitnot} 34... Qa4
35. Ra1 Qe8 36. Qb4 ({Mit} 36. Qe2 $1 {- drohend die Verdoppelung der Turme
auf der h-Linie - hatte sie ihre Strategie kronen sollen, z.B.} 36... Kg8 37.
Bf5 Nb3 38. Rab1 Nxa5 39. Qg4) 36... Qc6 37. Bxc5 $6 Qxc5 38. Rh8+ Ke7 39. Qa4
Qc6 40. Bh5 $2 (40. Qd1 Bc7 41. Rxb8 Bxb8 42. Qf3 {gewinnt}) 40... Qxa4 41.
Rxa4 Kd7 42. Bg4+ 1/2-1/2

[Event "PokalMM"]
[Site "Baden"]
[Date "2002.06.23"]
[Round "3.1"]
[White "Herbrechtsmeier, Christof"]
[Black "Osorios Ortiz, Marcos"]
[Result "1-0"]
[WhiteElo "2308"]
[BlackElo "2245"]
[Annotator "Herbrechtsmeier"]
[PlyCount "45"]
[SourceDate "2003.06.17"]
[WhiteTeam "Müllheim"]
[BlackTeam "Baden-Oos"]

1. e4 e6 2. d4 d5 3. Nc3 Bb4 4. Bd3 dxe4 5. Bxe4 Nf6 6. Bf3 c5 7. Nge2 Nc6 8.
O-O $5 {Dieses Bauernopfer stammt von Max Eisinger jr.} 8... Nxd4 $6 (8... cxd4
9. Bxc6+ bxc6 10. Qxd4 Qxd4 11. Nxd4 Bb7 {mit Ausgleich}) 9. Nxd4 Qxd4 $2 (9...
cxd4 {im Jahr 2001 spielte Wintzer dies gegen mich in der 2. BL (und verlor)})
10. Nb5 Qd8 (10... Qxd1 11. Rxd1 {oder}) (10... Qd7 11. Qxd7+ Kxd7 12. Rd1+ Ke7
13. Nc7 Rb8 14. Bf4 {fuhrt zu Vorteil fur Weis:} 14... Nd7 15. Bd6+ Kf6 16. Nb5
Ra8 17. Bc7 c4 18. Rd4 {und nun nicht} 18... Nb6 {wegen} 19. Bd8+ Be7 20. Rf4+
Kg5 21. Bxe7+ $1 Kxf4 22. Nd4 {mit einem Matt in 6}) 11. Qxd8+ Kxd8 12. Rd1+
Bd7 $2 (12... Ke7 13. Nc7 {s.o.}) (12... Nd7 13. Bf4 Ba5 (13... Ke7 14. Bd6+
Kf6 15. Bc7 {s.o.}) 14. Nd6 Ke7 15. Nxb7 Bxb7 16. Bxb7 Rad8 17. Bd6+ Kf6 18.
Ba6 $16) 13. Nd6 $18 Ke7 14. Nxb7 {Der Laufer b4 ist zum Problemfall geworden}
14... e5 15. Bg5 Rab8 16. a3 Rxb7 17. Bxb7 Ba5 18. Be3 Bb6 19. b4 cxb4 20. axb4
Rb8 21. Bxb6 axb6 22. Ra7 Ke6 23. c4 1-0

[Event "Landesliga"]
[Site "Breisgau/Hochrhein"]
[Date "2002.10.13"]
[Round "1.3"]
[White "Vilagas, Nandor"]
[Black "Paul, Carmen"]
[Result "1-0"]
[WhiteElo "2018"]
[BlackElo "1888"]
[Annotator "Herbrechtsmeier"]
[PlyCount "55"]
[SourceDate "2003.01.01"]
[WhiteTeam "Müllheim"]
[BlackTeam "Münstertal"]

1. e4 c6 2. d4 d5 3. e5 Bf5 (3... c5 $5 4. dxc5) 4. Nc3 (4. c3 e6 (4... Qb6 5.
Qb3 Nd7 6. Nd2) 5. Be3 Nd7 6. Nd2 f6 $5 7. f4 g5 8. Nh3 $1 {
Werner,C-Von Weizsaecker,R/corr 2002}) 4... e6 ({Nach} 4... Qb6 {kann Weis mit}
5. Bd3 $5 {ein chancenreiches Bauernopfer anbieten oder ruhig mit} (5. Nf3 {
fortsetzen})) 5. g4 Bg6 6. Nge2 c5 (6... Ne7 $5 {/\h5<=>} 7. Nf4 c5 8. h4 cxd4
9. Nb5 Nec6 10. h5 Be4 11. f3 a6 $1 12. Nd6+ Bxd6 13. exd6 g5 $1 14. Nh3 h6 15.
fxe4 dxe4 {mit imposantem Bauernzentrum}) (6... f6 7. Nf4 (7. h4) 7... fxe5 (
7... Bf7) 8. Nxg6 (8. Nxe6) 8... hxg6 9. dxe5) 7. h4 (7. Be3 cxd4 {
1/2-1/2 Herbrechtsmeier,C-Chandler,M/Bundesliga 1981/ (33)} (7... Qb6) (7...
Nc6) (7... Nd7)) 7... h5 {Eine mutige Entscheidung} (7... cxd4 8. Nxd4 h5 9. f4
$1 hxg4 10. Bb5+ Nd7 11. f5 Rxh4 {wurde schon oft gespielt}) (7... h6 8. f4 $1
Be7 9. Bg2 (9. h5 $2 Bh4+ 10. Kd2 Bh7) 9... Bxh4+ 10. Kf1 Be7 $1 11. f5 Bh7 12.
Nf4 Qd7 13. Nh5 Bf8 14. dxc5 Nc6 15. Nb5 Bxc5 {wird von der Theorie bevorzugt})
8. Nf4 cxd4 $5 {Forciert das Geschehen} (8... Nc6 9. Nxg6 fxg6 {
ist eine Alternative}) ({oder} 8... Bh7 9. Nxh5 (9. g5 $5 {
Ein seltener, aber logischer Zug. Es droht 10.g6!} 9... cxd4 10. Nb5 Nc6) 9...
cxd4 (9... Nc6 {puts more pressure on White's [+].}) 10. Nb5 $5 (10. Qxd4 Nc6 (
10... Bxc2 $2 11. Bg5) 11. Bb5 Nge7 $1) 10... Nc6 (10... Be4 $5) 11. Nxd4 Nxe5
$1 (11... Nge7) 12. Bf4 Nc6 13. Bb5 Rc8) 9. Nb5 (9. Nxg6 fxg6 10. Qxd4 Qc7 (
10... Nc6 $142 11. Bb5 Nge7 12. Bg5 a6 13. Bxc6+ Nxc6) 11. Nb5 Qf7 12. Nxa7
hxg4 13. Bd3 Nd7 14. Nb5 {1-0 Lomineishvili,M-Ahrens,M/Mamaia 1991/EXT 97 (35)}
) 9... Bb4+ (9... Nc6 10. Nxg6 fxg6 11. Nxd4 Kd7 $5 {
1/2-1/2 Grischuk,A-Ehlvest,J/New Delhi/Teheran 2000/CBM 81/ (34)}) (9... Bh7
10. Nxh5 {ergibt Zugumstellung zu 8...Lh7 9.Sxh5 cxd4}) (9... Be4 $5 10. f3 Bh7
{ist ein Verbesserungsversuch zu 8...Lh7}) (9... Bc5 10. a3 a6) (9... Qb6 $5
10. Nxd4 $140 Bc5) 10. Bd2 Bxd2+ $6 {Gibt die Kontrolle uber d6 auf} (10... Bc5
11. b4 a6 12. bxc5 axb5 13. Bxb5+ Nc6 14. Nxg6 fxg6 15. c3 dxc3 16. Bxc3 Nge7)
11. Qxd2 Be4 (11... Bh7 $2 12. Nd6+ Kf8 13. Nxe6+ fxe6 14. Qf4+ Nf6 15. g5) (
11... Nc6 {ist erforderlich} 12. Nd6+ Ke7 13. Nxg6+ fxg6 14. Qg5+ Kd7 15. Qxd8+
Nxd8 16. Bb5+ $16) 12. Nd6+ Kf8 13. f3 $1 $16 (13. Nxe4 $2 dxe4 14. Nxh5 Nc6) (
13. Nxe6+ $5 fxe6 14. Qf4+ Nf6 15. Nxe4 dxe4 16. exf6 Qxf6 17. Qc7 Qe7 18. Qc8+
Qe8 19. Qxb7 Nc6 20. Bb5 Rb8 21. Qxc6 Rxb5 $13) 13... Nc6 $2 {
Wohl mit der Idee 14.fxe4 Sxe5, das funktioniert aber nicht} (13... Bh7 14.
Nxe6+ fxe6 15. Qf4+ Nf6 16. g5) (13... Bxf3 14. Nxe6+ fxe6 15. Qf4+ Nf6 16.
Qxf3 Nc6 (16... Kg8 17. g5 $1) 17. Qf4) 14. Nxe6+ $1 fxe6 15. Qf4+ $18 Bf5 (
15... Nf6 16. fxe4 dxe4 17. exf6 Qxf6 18. Qxf6+ gxf6 19. Nxe4 hxg4 20. Nxf6)
16. gxf5 Nh6 17. fxe6+ Kg8 18. Rg1 {Mehrbauer, Mehrfigur und Angriff!} 18...
Nb4 19. O-O-O Nxa2+ 20. Kb1 Nc3+ 21. bxc3 Qb6+ 22. Bb5 a6 23. Rxg7+ Kxg7 24.
Qf6+ (24. Rg1+ {Vilagos} 24... Kh7 (24... Ng4 25. Qf7+ Kh6 26. Nf5#) 25. Qxh6+
Kxh6 26. Nf5+ Kh7 27. Rg7#) 24... Kh7 25. Qe7+ Kg6 26. Rg1+ Ng4 27. Rxg4+ (27.
Qf7+ Kh6 28. Nf5#) 27... hxg4 28. Qf7+ 1-0